00826cam a22002411a 4500001001300000003000400013005001700017008004100034010001700075035002000092040002300112043001200135050001700147100003700164245008200201260012700283300002100410490004000431504004100471650002000512651003500532999001700567ne 67001558 DLC20260227111834.0851118s1966 iq b f000 0 ara  ane 67001558  a(OCoLC)12814213 aDLCcWaUdWaUdDLC aa-iq---00aGR295.I7bA71 aʻAlwachī, ʻAbd al-Ḥamīd.10aMin turāthinā al-shaʻbī /ctaʼlīf ʻAbd al-Ḥamīd al-ʻAlwajī. aBaghdād :bMudīrīyat al-Funūn wa-al-Thaqāfah al-Shaʻbīyah fī Wizārat al-Thaqāfah wa-al-Irshād,c1966. a243 p. ;c22 cm.0 aal-Silsilah al-thaqāfīyah ;v13 aIncludes bibliographical references. 0aFolklorezIraq. 0aIraqxSocial life and customs. c49777d49777